Globalizácia a jej vplyv na vývoj maloobchodu SR
Vplyv globalizačných procesov na obchodný trh na Slovensku. Proces globalizácie v maloobchode. Porovnanie kúpnej sily obyvateľstva SR s jednotlivými štátmi. Výstavba obchodných reťazcov, hypermarketov a supermarketov na Slovensku. Úvahy o opodstatnenosti možnej regulácii obchodných gigantov. Diskrim...
Saved in:
| Main Author: | |
|---|---|
| Format: | Book Chapter |
| Language: | Slovak |
| Subjects: | |
| Tags: |
No Tags, Be the first to tag this record!
|
MARC
| LEADER | 00000naa a2200000 4500 | ||
|---|---|---|---|
| 001 | r043225 | ||
| 005 | 20230921120511.2 | ||
| 041 | 0 | |a slo | |
| 044 | |a CZ | ||
| 245 | 1 | 0 | |a Globalizácia a jej vplyv na vývoj maloobchodu SR |c Vanda Lieskovská |
| 520 | |a Vplyv globalizačných procesov na obchodný trh na Slovensku. Proces globalizácie v maloobchode. Porovnanie kúpnej sily obyvateľstva SR s jednotlivými štátmi. Výstavba obchodných reťazcov, hypermarketov a supermarketov na Slovensku. Úvahy o opodstatnenosti možnej regulácii obchodných gigantov. Diskriminačné praktiky obchodných reťazcov voči slovenským dodávateľom. | ||
| 610 | 2 | 0 | |a maloobchod |
| 610 | 2 | 0 | |a Slovensko |
| 610 | 2 | 0 | |a globalizácia |
| 610 | 2 | 0 | |a hypermarkety |
| 610 | 2 | 0 | |a supermarkety |
| 610 | 2 | 0 | |a sila kúpna obyvateľstva |
| 610 | 2 | 0 | |a regulácia trhu |
| 610 | 2 | 0 | |a integrácia |
| 610 | 2 | 0 | |a dodávatelia |
| 610 | 2 | 0 | |a správanie spotrebiteľa |
| 610 | 2 | 0 | |a reťazce obchodné |
| 100 | 1 | |a Lieskovská, Vanda, 1961- | |